| 000 | 02447nam0a2200421 4500 | ||
|---|---|---|---|
| 001 | RU\NLR\bibl\866476 | ||
| 005 | 20260405083831.0 | ||
| 010 |
_a5-222-06548-0 _bв пер. _95000 |
||
| 021 |
_aRU _b2005-38894 _91932 |
||
| 035 | _a(NLR Aleph) 000855120 | ||
| 035 | _a(nilc)RSL-KNO-002677084 | ||
| 090 |
_a1504679 _c1504679 |
||
| 100 | _a20050617d2005 u y0rusy50 ca | ||
| 101 | 1 |
_arus _ceng |
|
| 102 | _aRU | ||
| 105 | _ay ||||||||| | ||
| 106 | _ar | ||
| 200 | 1 |
_aВокруг "Корпоративного костра" _dAround the corporate campfire _eкак выдающиеся рук. используют истории, чтобы вдохновить своих подчиненных на успех _e[перевод] _fЭвелин Кларк _zeng |
|
| 210 |
_aРостов н/Д _cФеникс _d2005 _gОАО Можайский полигр. комб. |
||
| 215 |
_a223 с. _cтабл. _d22 |
||
| 225 | 1 | _aБизнес-бестселлер | |
| 300 | _aАвт. также на англ. яз.: Evelyn Clark | ||
| 510 | 1 |
_6z20790 _aAround the corporate campfire _zeng |
|
| 606 | 1 |
_aКорпорации _xУправление _91995011 _3RU\NLR\auth\66916305 |
|
| 610 | 0 | _aПсихология -- Социальная (общественная) психология -- Психологические проблемы социального общения (коммуникативности), влияния и взаимовлияния людей | |
| 610 | 0 | _aПсихология -- Социальная (общественная) психология -- Социально-психологические проблемы экономической психологии -- Социально-психологические проблемы психологии обслуживания и торговли -- Спрос, потребление, мода, вкусы и оценки различных социальных групп населения. Их изучение | |
| 686 |
_aЮ959.91-996,0 _2rubbk |
||
| 686 |
_aЮ953,0 _2rubbk |
||
| 686 | _aУ21(0)91 | ||
| 700 | 1 |
_4070 _8rus _7ca _aКларк _bЭ. _gЭвелин _3RU\NLR\auth\7730205 _913232 |
|
| 790 | 1 |
_4070 _8rus _7ba _aClark _bE. _gEvelyn _3RU\NLR\auth\7730206 _913233 |
|
| 801 | 0 |
_aRU _bRuMoRKP _c20050617 _grcr |
|
| 801 | 1 |
_aRU _bRuMoRGB _c20050617 |
|
| 801 | 2 |
_aRU _bNLR _c20051105 _grcr |
|
| 830 | _aпо кн | ||
| 942 | _cBOOK | ||
| 980 | _aNB | ||